Darwin the voyage of the beagle (Record no. 3219)

MARC details
000 -LEADER
fixed length control field 01010nam a22002177a 4500
005 - DATE AND TIME OF LATEST TRANSACTION
control field 20240220133200.0
020 ## - INTERNATIONAL STANDARD BOOK NUMBER
International Standard Book Number 9781853264764
040 ## - CATALOGING SOURCE
Original cataloging agency FISKH
Language of cataloging eng
Transcribing agency FISKH
Modifying agency FISKH
Description conventions FISKH
050 ## - LIBRARY OF CONGRESS CALL NUMBER
Classification number QH11.D2
082 ## - DEWEY DECIMAL CLASSIFICATION NUMBER
Classification number 508.8
100 ## - MAIN ENTRY--PERSONAL NAME
Personal name Darwin Charles
245 ## - TITLE STATEMENT
Title Darwin the voyage of the beagle
Statement of responsibility, etc. With an introduction by David Amigoni
260 ## - PUBLICATION, DISTRIBUTION, ETC.
Place of publication, distribution, etc. Hertfordshire :
Name of publisher, distributor, etc. Wordsworth.
Date of publication, distribution, etc. 1997
300 ## - PHYSICAL DESCRIPTION
Extent 480 pages :
Dimensions 21 cm
520 ## - SUMMARY, ETC.
Summary, etc. Voyage of the Beagle chronicles Charles Darwin's five years as a naturalist on board the H.M.S. Beagle. The notes and observations that he recorded in his diary included Chile, Argentina and Galapagos Islands and encompasses the ecology, geology and anthropology of the places he visits. A fascinating travel memoir the ideas that were later to evolve into Darwin's theory of natural selection find their naissance in Voyage of the Beagle .
650 ## - SUBJECT ADDED ENTRY--TOPICAL TERM
Source of heading or term natural history
650 ## - SUBJECT ADDED ENTRY--TOPICAL TERM
Topical term or geographic name entry element naval history
650 ## - SUBJECT ADDED ENTRY--TOPICAL TERM
Topical term or geographic name entry element exploration
942 ## - ADDED ENTRY ELEMENTS (KOHA)
Source of classification or shelving scheme Dewey Decimal Classification
Koha item type Books
Suppress in OPAC No
999 ## -
-- 3219
-- 3219
Holdings
Withdrawn status Lost status Source of classification or shelving scheme Damaged status Not for loan Collection Home library Current library Shelving location Date acquired Total Checkouts Full call number Barcode Date last seen Price effective from Koha item type
    Dewey Decimal Classification     Non-Fiction Footprints International School Library Network Toul Kork Campus Footprints International School Library Network Toul Kork Campus   02/20/2024   DAR 508.8 QH11.D2 2024-0087 02/20/2024 02/20/2024 Books